The high school for today /

Bibliographic Details
Main Author: Spears, Harold, 1902-
Format: Book
Language:English
Published: New York : American Book Co., [1950]
Subjects:

MARC

Tag First Indicator Second Indicator Subfields
LEADER 00000cam a2200000 4500
001 in00000055012
005 20151008052141.0
008 711217s1950 nyua 00010 eng
010 |a  50005282  
035 |a (OCoLC)00184239 
035 |9 AAH1931AM 
040 |a DLC  |c WSU  |d OCL  |d TXA  |d UtOrBLW 
043 |a n-us--- 
049 |a TXAM  |c 1 [183714]  
050 0 0 |a LB1607  |b .S678 
082 0 |a 373.73 
092 |a 373.73  |b S741h 
100 1 |a Spears, Harold,  |d 1902- 
245 1 4 |a The high school for today /  |c illustrated by the author. 
264 1 |a New York :  |b American Book Co.,  |c [1950] 
300 |a xiv, 380 pages :  |b illustrations ;  |c 23 cm. 
336 |a text  |b txt  |2 rdacontent 
337 |a unmediated  |b n  |2 rdamedia 
338 |a volume  |b nc  |2 rdacarrier 
650 0 |a Education, Secondary. 
650 0 |a High schools  |z United States. 
999 |a MARS 
999 f f |s 1c925497-7cf9-3984-b8b5-a74fb720f460  |i 18867301-5ef0-36f0-9cab-37cc9b3e8abd  |t 0 
952 f f |p normal  |a Texas A&M University  |b College Station  |c Sterling C. Evans Library  |d Evans: Library Stacks  |t 0  |e LB1607 .S678  |h Library of Congress classification  |i unmediated -- volume  |m A14800856521 
998 f f |a LB1607 .S678  |t 0  |l Evans: Library Stacks